000 00598cam a22002291 4500
001 ne 68004620
003 DLC
005 20260227111850.0
008 710901s1967 ua 00011 eng
010 _ane 68004620 //r942
025 _aPL480: UAR-9168
040 _aDLC
_cDLC
_dDLC
050 0 0 _aPZ4.N12
_bBu
_aPR6064.A2
082 0 0 _a823
100 1 0 _aHart, Vada.
245 1 0 _aBurning hope,
_cby Vada Hart Nabky.
260 0 _aCairo,
_bArab Writer
_c[1967]
300 _a199 p.
_c20 cm.
350 _a0.60
650 0 _aIsrael-Arab War, 1948-1949
_xFiction.
655 7 _aWar stories.
_2gsafd
999 _c51089
_d51089